| 000 -LEADER |
| fixed length control field |
01201nam a22001817a 4500 |
| 003 - CONTROL NUMBER IDENTIFIER |
| control field |
OSt |
| 008 - FIXED-LENGTH DATA ELEMENTS--GENERAL INFORMATION |
| fixed length control field |
150608b xxu||||| |||| 00| 0 eng d |
| 041 ## - LANGUAGE CODE |
| Language code of text/sound track or separate title |
eng |
| 100 1# - MAIN ENTRY--PERSONAL NAME |
| Personal name |
Mayer, Pierre |
| 245 10 - TITLE STATEMENT |
| Title |
Catalogue des timbres de la Liberation et de la France Libre ; Poste navale U.S., Saint-Nazaire / |
| 260 ## - PUBLICATION, DISTRIBUTION, ETC. (IMPRINT) |
| Place of publication, distribution, etc. |
[Paris] |
| Name of publisher, distributor, etc. |
P. Mayer, |
| 300 ## - PHYSICAL DESCRIPTION |
| Extent |
0 pages |
| 650 #0 - SUBJECT ADDED ENTRY--TOPICAL TERM |
| Topical term or geographic name as entry element |
Title varies. The [1e] ed. 1973 and 2e ed. were published under the title: Catalogue des timbres de la Liberation et de la France Libre |
| 650 #0 - SUBJECT ADDED ENTRY--TOPICAL TERM |
| Topical term or geographic name as entry element |
Poste navale U.S., Saint-Nazaire. The 3e, 4e, and 5e eds. were published under the title: Catalogue des timbres de la Liberation |
| 650 #0 - SUBJECT ADDED ENTRY--TOPICAL TERM |
| Topical term or geographic name as entry element |
La Guerre 1939-1945, Dunkerque - Coudekerque, Saint-Nazaire, Base navale - U.S., LOrient - L.V.F., les 1,50 et 50 frs Petain. The 6eme ed. was published under the title: Catalogue des timbres de la Liberation |
| 650 #0 - SUBJECT ADDED ENTRY--TOPICAL TERM |
| Topical term or geographic name as entry element |
La Guerre 1939-1945, Dunkerque - Coudekerque, Saint-Nazaire, Base navale - U.S. |
| 650 #0 - SUBJECT ADDED ENTRY--TOPICAL TERM |
| Topical term or geographic name as entry element |
Les 1f.50 et 50fr. Petain. Collaborators vary. The 6eme ed. was published in conjunction with the "Cinquantenaire de la Liberation 1944-1994"--cover. The 10eme ed. was published under title: 2010 Timbres de la Liberation. |